Diseño de taludes en roca para la contrapresa del P.H. Pirrís
Bewaard in:
| Hoofdauteur: | |
|---|---|
| Formaat: | Boek |
| Gepubliceerd in: |
[San José, Costa Rica]
2008
|
| Onderwerpen: | |
| Tags: |
Voeg label toe
Geen labels, Wees de eerste die dit record labelt!
|
MARC
| LEADER | 00000nam a2200000Ia 4500 | ||
|---|---|---|---|
| 003 | 001094 | ||
| 005 | 20221231144101.0 | ||
| 008 | 140114s2008 cr a 000 ||s d | ||
| 040 | |c cru CEDI | ||
| 090 | |a TFG 5619 | ||
| 100 | |a Rodríguez Arce, Juan Carlos |9 4421 | ||
| 245 | |a Diseño de taludes en roca para la contrapresa del P.H. Pirrís | ||
| 260 | |c 2008 |b [San José, Costa Rica] | ||
| 300 | |a viii, 94 hojas (algunas plegables), xlviii; ilustraciones a color | ||
| 500 | |a Tesis (licenciatura en ingeniería civil)--Universidad de Costa Rica. Facultad de Ingeniería. Escuela de Ingeniería Civil | ||
| 650 | |x TALUDES (MECANICA DE SUELOS) |x PROGRAMAS PARA COMPUTADORA |x ESTABILIDAD DE ESTRUCTURAS |x MECANICA DE ROCAS |x INSTITUTO COSTARRICENSE DE ELECTRICIDAD. PROYECTO HIDROELECTRICO PIRRIS |x ESFUERZO Y TENSION |x DISEÑO DE ESTRUCTURAS |9 4422 | ||
| 942 | |c TFG | ||
| 999 | |c 16642 |d 16642 | ||
